ARRUPE JESUIT UNIVERSITY

CORONAVIRUS -STOP THE SPREAD - CLEAN,DISINFECT,COVER

Chinese pottery and porcelain / (Record no. 128909)

MARC details
000 -LEADER
fixed length control field 01022cam a22002897a 4500
001 - CONTROL NUMBER
control field 14519486
003 - CONTROL NUMBER IDENTIFIER
control field ARRUPE
005 - DATE AND TIME OF LATEST TRANSACTION
control field 20190208123941.0
008 - FIXED-LENGTH DATA ELEMENTS--GENERAL INFORMATION
fixed length control field 060825s1996 cc a b 001 0 eng d
010 ## - LIBRARY OF CONGRESS CONTROL NUMBER
LC control number 2006432932
020 ## - INTERNATIONAL STANDARD BOOK NUMBER
International Standard Book Number 7119007521
035 ## - SYSTEM CONTROL NUMBER
System control number (OCoLC)ocm39041352
040 ## - CATALOGING SOURCE
Original cataloging agency ZQP
Transcribing agency ZQP
Modifying agency BAKER
-- DLC
042 ## - AUTHENTICATION CODE
Authentication code lccopycat
050 00 - LIBRARY OF CONGRESS CALL NUMBER
Classification number SPC. NK4165
Item number .Z5 1984
300 ## - PHYSICAL DESCRIPTION
Other physical details ill. (chiefly col.) ;
Dimensions 27 cm.
100 1# - MAIN ENTRY--PERSONAL NAME
Personal name Li, Zhiyan,
Dates associated with a name 1937-
9 (RLIN) 44412
245 10 - TITLE STATEMENT
Title Chinese pottery and porcelain /
Statement of responsibility, etc Li Zhiyan and Cheng Wen ; translated by Ouyang Caiwei.
260 ## - PUBLICATION, DISTRIBUTION, ETC. (IMPRINT)
Place of publication, distribution, etc Beijing :
Name of publisher, distributor, etc Foreign Languages Press,
Date of publication, distribution, etc c1984.
300 ## - PHYSICAL DESCRIPTION
Extent iii, 209 p. :
504 ## - BIBLIOGRAPHY, ETC. NOTE
Bibliography, etc Includes bibliographical references and index.
650 #0 - SUBJECT ADDED ENTRY--TOPICAL TERM
Topical term or geographic name as entry element Pottery, Chinese.
9 (RLIN) 44413
650 #0 - SUBJECT ADDED ENTRY--TOPICAL TERM
Topical term or geographic name as entry element Porcelain, Chinese.
9 (RLIN) 44414
700 1# - ADDED ENTRY--PERSONAL NAME
Personal name Zhengwen.
9 (RLIN) 44415
700 1# - ADDED ENTRY--PERSONAL NAME
Personal name Ouyang, Caiwei.
9 (RLIN) 44416
Relator term tr.
906 ## - LOCAL DATA ELEMENT F, LDF (RLIN)
a 7
b cbc
c copycat
d 3
e ncip
f 20
g y-gencatlg
942 ## - ADDED ENTRY ELEMENTS (KOHA)
Source of classification or shelving scheme Library of Congress Classification
Koha item type SPC
Holdings
Withdrawn status Lost status Source of classification or shelving scheme Damaged status Not for loan Collection code Home library Current library Shelving location Date acquired Total Checkouts Full call number Barcode Date last seen Price effective from Koha item type
    Library of Congress Classification     SPECIAL Collection ARRUPE LIBRARY ARRUPE LIBRARY REFERENCE 06/02/2019   SPC. NK4165 .Z5 1984 46600003631 06/02/2019 06/02/2019 SPC

 

Arrupe Library. PO Box MP320 Mt Pleasant, Harare, Zimbabwe
263 242 745411|librarian@aju.ac.zw